<?xml version="1.0" encoding="UTF-8"?>
<collection xmlns="http://www.loc.gov/MARC21/slim">
 <record>
  <leader>01067nam a2200193 a 4500</leader>
  <controlfield tag="001">1/54460</controlfield>
  <controlfield tag="008">211129s2020    gr            100 | gre d</controlfield>
  <datafield tag="040" ind1=" " ind2=" ">
   <subfield code="a">GR-PeUP</subfield>
  </datafield>
  <datafield tag="082" ind1="0" ind2="0">
   <subfield code="a">174.2 ΠΑΝ</subfield>
  </datafield>
  <datafield tag="111" ind1="2" ind2="4">
   <subfield code="a">Πανελλήνιο Διεπιστημονικό Συνέδριο &quot;Σύγχρονη Βιοηθική Προκλήσεις-Προσεγγίσεις-Προοπτικές&quot;</subfield>
   <subfield code="d">(2018 :</subfield>
   <subfield code="c">Πύργος, Ηλεία)</subfield>
  </datafield>
  <datafield tag="245" ind1="1" ind2="0">
   <subfield code="a">Πρακτικά πανελλήνιου διεπιστημονικού συνεδρίου με θέμα :</subfield>
   <subfield code="b">σύγχρονη βιοηθική : προκλήσεις-προσεγγίσεις-προοπτικές /</subfield>
   <subfield code="c">Σωτήριος Μιχελουδάκης, Αντώνιος Μαρίτσας.</subfield>
  </datafield>
  <datafield tag="260" ind1=" " ind2=" ">
   <subfield code="a">Πύργος :</subfield>
   <subfield code="b">[χ.ό.],</subfield>
   <subfield code="c">2020.</subfield>
  </datafield>
  <datafield tag="300" ind1=" " ind2=" ">
   <subfield code="a">383 σ. ;</subfield>
   <subfield code="c">24 εκ.</subfield>
  </datafield>
  <datafield tag="650" ind1=" " ind2="4">
   <subfield code="a">Βιοηθική.</subfield>
  </datafield>
  <datafield tag="650" ind1=" " ind2="0">
   <subfield code="a">Bioethics.</subfield>
  </datafield>
  <datafield tag="700" ind1="1" ind2=" ">
   <subfield code="a">Μιχελουδάκης, Σωτήριος.</subfield>
  </datafield>
  <datafield tag="700" ind1="1" ind2=" ">
   <subfield code="a">Μαρίτσας, Αντώνιος.</subfield>
  </datafield>
  <datafield tag="852" ind1=" " ind2=" ">
   <subfield code="a">INST</subfield>
   <subfield code="b">UNIPILB</subfield>
   <subfield code="c">MAIN</subfield>
   <subfield code="e">20211129</subfield>
   <subfield code="h">174.2 ΠΑΝ</subfield>
   <subfield code="p">00185675</subfield>
   <subfield code="q">00185675</subfield>
   <subfield code="t">LOAN</subfield>
   <subfield code="y">0</subfield>
   <subfield code="4">1</subfield>
  </datafield>
  <datafield tag="960" ind1=" " ind2=" ">
   <subfield code="a">ΜΑΡΙΑ ΒΕΛ</subfield>
  </datafield>
 </record>
</collection>
